[Event "Large KO, Standard Pace / <1800"]
[Site "SchemingMind.com"]
[Date "2009.05.09"]
[Round "-"]
[White "lemmie"]
[Black "rougon"]
[Result "1-0"]
[WhiteCountry "NED"]
[BlackCountry "USA"]
[WhiteElo "1701"]
[WhiteRD "52"]
[BlackElo "1756"]
[BlackRD "70"]
[GameID "203618"]

1. e4 e6 2. d4 d5 3. Nc3 Bb4 4. exd5 exd5 5. Bd2 Nc6 6. Nf3 Nf6 7. Be2 O-O 8. a3 Bd6 9. O-O Bf5 10. h3 Re8
11. Bg5 Be7 12. Bd3 Bxd3 13. Qxd3 h6 14. Be3 Bf8 15. Rfe1 Ne4 16. Nh2 g6 17. Ng4 h5 18. Nh6+ Kh7 19. Nxf7 Qf6 20. Ne5 Nxe5
21. dxe5 Rxe5 22. Bd4 Bd6 23. Bxe5 Qxf2+ 24. Kh1 Bxe5 25. Nxe4 dxe4 26. Qxe4 Bd6 27. Qf3 Qd2 28. Re2 Qg5 29. g4 Rf8 30. Qg2 Rf6
31. gxh5 Qxh5 32. Rf1 Rxf1+ 33. Qxf1 Qd5+ 34. Rg2
1-0

[Event "Large KO, Standard Pace / <1800"]
[Site "SchemingMind.com"]
[Date "2009.05.20"]
[Round "-"]
[White "palaciorep"]
[Black "sidra"]
[Result "1-0"]
[WhiteCountry "ARG"]
[BlackCountry "HUN"]
[WhiteElo "1694"]
[WhiteRD "94"]
[BlackElo "1604"]
[BlackRD "88"]
[GameID "205370"]

1. e4 e5 2. Nf3 d6 3. h3 h6 4. Nc3 c6 5. Bc4 b5 6. Bb3 a5 7. a4 b4 8. Ne2 Nf6 9. d3 Be7 10. O-O O-O
11. Ng3 Bb7 12. Nh2 c5 13. Ng4 Nxg4 14. Qxg4 Kh8 15. Nf5 g5 16. Nxh6 Kg7 17. Qh5 f6 18. Nf5#
1-0

[Event "Large KO, Standard Pace / <1800"]
[Site "SchemingMind.com"]
[Date "2009.05.21"]
[Round "-"]
[White "sidra"]
[Black "palaciorep"]
[Result "1-0"]
[WhiteCountry "HUN"]
[BlackCountry "ARG"]
[WhiteElo "1630"]
[WhiteRD "87"]
[BlackElo "1695"]
[BlackRD "94"]
[GameID "205378"]

1. d4 d5 2. e3 Nf6 3. f3 a6 4. a3 Nc6 5. b4 b5 6. Bd3 Bb7 7. Ne2 e5 8. dxe5 Nxe5 9. O-O Nxd3 10. cxd3 c6
11. Re1 Bd6 12. Bb2 O-O 13. e4 dxe4 14. dxe4 Qb6+ 15. Bd4 c5 16. Bf2 Qc7 17. Bg3 Bxg3 18. Nxg3 cxb4 19. axb4 Rfd8 20. Qb3 Qb6+
21. Kf1 g6 22. e5 Ne8 23. e6 Bd5 24. exf7+ Bxf7 25. Qe3 Bc4+ 26. Kf2 Qf6 27. Na3 Qb2+ 28. Kg1 Qxb4 29. Nxc4 Qxc4 30. Rac1 Qf7
31. Ne4 Rdc8 32. Ng5 Rxc1 33. Nxf7 Rxe1+ 34. Qxe1 Kxf7 35. Qd2 Nf6 36. g4 Re8 37. Kg2 Re7 38. h4 h5 39. g5 Ne8 40. Qd5+ Re6
41. f4 Ng7 42. Qb7+ Kg8 43. Qc8+ Kh7 44. Kf3 Rd6 45. Ke4 Re6+ 46. Kd5 b4 47. Qd7 a5 48. Qa7 Re2 49. Qxa5 Rh2 50. Qxb4 Rxh4
51. Ke5 Rh1 52. Qb7 Re1+ 53. Kf6 Re6+ 54. Kf7 Re1 55. Qb4 Re3 56. Qb1 Re6 57. Qb2 Nf5 58. Kxe6 h4 59. Qb7+ Kg8 60. Kf6 h3
61. Kxg6 Nh4+ 62. Kf6 h2 63. Qg7#
1-0

[Event "Large KO, Standard Pace / <1800"]
[Site "SchemingMind.com"]
[Date "2009.06.13"]
[Round "-"]
[White "spoke"]
[Black "Eden"]
[Result "1-0"]
[WhiteCountry "GER"]
[BlackCountry "CZE"]
[WhiteElo "1823"]
[WhiteRD "63"]
[BlackElo "1441"]
[BlackRD "62"]
[GameID "207889"]

1. e4 d6 2. d4 Nf6 3. Nc3 c6 4. Bd3 g6 5. Nge2 h6 6. Bf4 Bg7 7. O-O Qb6 8. e5 dxe5 9. Bxe5 Qxb2 10. Rb1 Qa3
11. Rb3 Qa5 12. Nf4 g5 13. Nh5 O-O 14. Nxg7 Kxg7 15. Ne4 Qxa2 16. f4
1-0

[Event "Large KO, Standard Pace / <1800"]
[Site "SchemingMind.com"]
[Date "2009.06.13"]
[Round "-"]
[White "Eden"]
[Black "spoke"]
[Result "0-1"]
[WhiteCountry "CZE"]
[BlackCountry "GER"]
[WhiteElo "1441"]
[WhiteRD "62"]
[BlackElo "1823"]
[BlackRD "63"]
[GameID "207897"]

1. e4 e5 2. b3 Nf6 3. Qf3 Bc5 4. h3 Nc6 5. c3 d5 6. exd5 Qxd5 7. Bc4 Qxf3 8. Nxf3 O-O 9. O-O Bf5 10. Ba3 Bxa3
11. Nxa3 a6 12. Rae1 Rae8 13. g4 Bd7 14. b4 b5
0-1

[Event "Large KO, Standard Pace / <1800"]
[Site "SchemingMind.com"]
[Date "2009.06.15"]
[Round "-"]
[White "Clive Everill"]
[Black "Phillip Beckett"]
[Result "1-0"]
[WhiteCountry "CZE"]
[BlackCountry "ENG"]
[WhiteElo "1632"]
[WhiteRD "49"]
[BlackElo "1626"]
[BlackRD "58"]
[GameID "208341"]

1. e4 e6 2. d4 d5 3. Nd2 dxe4 4. Nxe4 Be7 5. Be3 Nf6 6. Nc3 Nbd7 7. Nf3 O-O 8. h3 c5 9. Bb5 a6 10. Bxd7 Nxd7
11. d5 exd5 12. Nxd5 Nf6 13. Nxe7+ Qxe7 14. O-O b6 15. Re1 Qc7 16. Bg5 Qc6 17. Ne5 Qb7 18. Qd3 Nd7 19. Nc4 h6 20. Nd6 Qc7
21. Be7 c4 22. Qe3 Bb7 23. Bxf8 Rxf8 24. Nxb7 Qxb7 25. Qe7 Qc6 26. Rad1 Nf6 27. Qa3 b5 28. Rd6 Qb7 29. Qxa6 Qxa6 30. Rxa6 Rb8
31. Ra7 b4 32. Ree7 Ne8 33. Rxf7 b3 34. axb3 cxb3 35. c3 Rd8 36. Rfd7 Rc8 37. Rdb7
1-0

[Event "Large KO, Standard Pace / <1800"]
[Site "SchemingMind.com"]
[Date "2009.06.15"]
[Round "-"]
[White "Phillip Beckett"]
[Black "Clive Everill"]
[Result "1-0"]
[WhiteCountry "ENG"]
[BlackCountry "CZE"]
[WhiteElo "1626"]
[WhiteRD "58"]
[BlackElo "1632"]
[BlackRD "49"]
[GameID "208348"]

1. d4 d5 2. e3 a6 3. f4 e6 4. Nf3 c5 5. c3 Nf6 6. Bd3 c4 7. Bc2 b5 8. O-O Nc6 9. Ne5 Nxe5 10. fxe5 Nd7
11. Qf3 f6 12. exf6 Nxf6 13. Nd2 Bd6 14. e4 dxe4 15. Nxe4 Be7 16. Nxf6+ Bxf6 17. Qxa8 O-O 18. Qe4 g6 19. Bh6 Rf7 20. Rae1 Bb7
21. Qxe6 Bd5 22. Qe8+
1-0

[Event "Large KO, Standard Pace / <1800"]
[Site "SchemingMind.com"]
[Date "2009.07.05"]
[Round "-"]
[White "palaciorep"]
[Black "rougon"]
[Result "0-1"]
[WhiteCountry "ARG"]
[BlackCountry "USA"]
[WhiteElo "1604"]
[WhiteRD "90"]
[BlackElo "1832"]
[BlackRD "80"]
[GameID "211030"]

1. e4 e6 2. Nf3 c5 3. Nc3 Nc6 4. Bb5 a6 5. Bxc6 bxc6 6. O-O d5 7. e5 Qc7 8. Re1 Ne7 9. d4 cxd4 10. Qxd4 c5
11. Qd1 Nc6 12. Bf4 Be7 13. Ne2 O-O 14. c3 Bd7 15. Ng3 f6 16. Qc1 fxe5 17. Bxe5 Bd6 18. Bxd6 Qxd6 19. Qd2 Rae8 20. Re2 Kh8
21. Rae1 e5 22. h3 e4 23. Nh2 Rf6 24. Ng4 Bxg4 25. hxg4 Ne5 26. Nf5 Qc6 27. Ne3 Nd3 28. Rb1 d4 29. cxd4 cxd4 30. Nf5 Qc4
31. b3 Qc3 32. Qd1 g6 33. Ng3 e3 34. fxe3 dxe3 35. Rc2 Qd4 36. Kh1 Rf2 37. Ne2 Qxg4 38. Qg1 Rxe2 39. Rc4 Nf2+ 40. Kh2 Qh5+
41. Kg3 Ne4+ 42. Rxe4 Rxe4 43. Qf1 Qg4+ 44. Kh2 Rf4 45. Qg1 Qh4#
0-1

[Event "Large KO, Standard Pace / <1800"]
[Site "SchemingMind.com"]
[Date "2009.07.05"]
[Round "-"]
[White "rougon"]
[Black "palaciorep"]
[Result "0-1"]
[WhiteCountry "USA"]
[BlackCountry "ARG"]
[WhiteElo "1807"]
[WhiteRD "74"]
[BlackElo "1695"]
[BlackRD "94"]
[GameID "211038"]

1. d4 d5 2. Nf3 Nf6 3. e3 a6 4. Bd3 Bg4 5. Nbd2 e6 6. O-O Nc6 7. c3 Rb8 8. b3 Be7 9. Bb2 O-O 10. Rc1 h6
11. c4 Bb4 12. h3 Bxd2 13. Qxd2 Bxf3 14. gxf3 Ne7 15. Kh1 Nh7 16. cxd5 Qxd5 17. e4 Qh5 18. Qf4 Qxh3+ 19. Kg1 Ng5 20. Qg3 Nxf3+
0-1

[Event "Large KO, Standard Pace / <1800"]
[Site "SchemingMind.com"]
[Date "2009.07.18"]
[Round "-"]
[White "vinz"]
[Black "soundso"]
[Result "0-1"]
[WhiteCountry "FRA"]
[BlackCountry "USA"]
[WhiteElo "1766"]
[WhiteRD "89"]
[BlackElo "1611"]
[BlackRD "95"]
[GameID "213038"]

1. Nf3 d5 2. c4 d4 3. b3 c5 4. d3 Nc6 5. e3 e5 6. Be2 Nf6 7. exd4 cxd4 8. Nbd2 Bb4 9. O-O O-O 10. a3 Bc3
11. Rb1 Bg4 12. Ng5 Bf5 13. f3 Nh5 14. Nde4 Nf4 15. Bxf4 exf4 16. Nxc3 dxc3 17. Ne4 Nd4 18. Nxc3 Re8 19. Rf2 Be6 20. Qd2 g5
21. Ne4 h6 22. Qc3 b6 23. g3 f5 24. Nd2 Qd6 25. g4 a5 26. a4 Qe5 27. Kg2 Bd7 28. Rc1 Nxe2
0-1

[Event "Large KO, Standard Pace / <1800"]
[Site "SchemingMind.com"]
[Date "2009.07.18"]
[Round "-"]
[White "soundso"]
[Black "vinz"]
[Result "0-1"]
[WhiteCountry "USA"]
[BlackCountry "FRA"]
[WhiteElo "1611"]
[WhiteRD "95"]
[BlackElo "1766"]
[BlackRD "89"]
[GameID "213045"]

1. d4 Nf6 2. c4 e6 3. Nc3 c5 4. e4 cxd4 5. Qxd4 Nc6 6. Qe3 b6 7. b3 Bc5 8. Qg3 O-O 9. Bh6 Nh5 10. Qg4 Qf6
11. Bd2 Qxf2+ 12. Kd1 Qxf1+ 13. Be1 Qd3+ 14. Bd2 Be3 15. Qe2 Qxe2+ 16. Ngxe2 Bxd2 17. Kxd2 a6 18. g4 Nf6 19. g5 Nh5 20. h4 Bb7
21. Kc2 Nb4+ 22. Kb2 d5 23. Rad1 dxe4 24. Rhf1 f5 25. Nd4 Rfe8 26. g6 hxg6 27. Rg1 Kf7 28. Nce2 e5 29. Nc2 Nxc2 30. Rd7+ Re7
31. Rxe7+ Kxe7 32. Rxg6 Nd4 33. Ng3 Nxg3 34. Rxg7+ Kd6 35. Rxb7 b5 36. Rg7 f4 37. Rg5 f3 38. Rxg3 f2 39. Rg6+ Kc5 40. Rf6 Nf3
0-1

[Event "Large KO, Standard Pace / <1800"]
[Site "SchemingMind.com"]
[Date "2009.07.24"]
[Round "-"]
[White "Clive Everill"]
[Black "Schaakmaatje"]
[Result "1-0"]
[WhiteCountry "CZE"]
[BlackCountry "NED"]
[WhiteElo "1659"]
[WhiteRD "48"]
[BlackElo "1671"]
[BlackRD "49"]
[GameID "213194"]

1. Nf3 Nc6 2. g3 e5 3. d3 d5 4. Bg2 Be6 5. c3 Bd6 6. Nbd2 f5 7. O-O Nf6 8. Nb3 O-O 9. Bg5 Qe8 10. Nfd2 f4
11. e3 fxg3 12. fxg3 Qg6 13. Bxf6 Rxf6 14. Rxf6 gxf6 15. e4 Ne7 16. c4 dxc4 17. dxc4 Bg4 18. Bf3 f5 19. exf5 Bxf5 20. c5 Bxc5+
21. Nxc5 Rd8 22. Qe2 Bd3 23. Qxe5 Qf7 24. Re1 Ng6 25. Qg5 Rd6 26. Nxb7
1-0

[Event "Large KO, Standard Pace / <1800"]
[Site "SchemingMind.com"]
[Date "2009.07.24"]
[Round "-"]
[White "Schaakmaatje"]
[Black "Clive Everill"]
[Result "1-0"]
[WhiteCountry "NED"]
[BlackCountry "CZE"]
[WhiteElo "1671"]
[WhiteRD "49"]
[BlackElo "1659"]
[BlackRD "48"]
[GameID "213196"]

1. g4 Nf6 2. g5 Nh5 3. d4 g6 4. Bg2 d5 5. c4 c6 6. Nc3 e6 7. Nf3 Bb4 8. O-O Ng7 9. Bf4 O-O 10. Rc1 Nd7
11. cxd5 exd5 12. a3 Be7 13. e4 dxe4 14. Nxe4 Nb6 15. Be5 Nf5 16. Qd2 Be6 17. Nf6+ Bxf6 18. gxf6 Nc4 19. Qf4 Nxb2 20. Bh3 Nd3
21. Qd2 Nxc1 22. Bxf5 Ne2+ 23. Kg2 Kh8 24. Bxe6 fxe6 25. f7+
1-0

[Event "Large KO, Standard Pace / <1800"]
[Site "SchemingMind.com"]
[Date "2009.08.17"]
[Round "-"]
[White "spoke"]
[Black "oliverinsignia"]
[Result "1/2-1/2"]
[WhiteCountry "GER"]
[BlackCountry "GBR"]
[WhiteElo "1824"]
[WhiteRD "60"]
[BlackElo "1871"]
[BlackRD "102"]
[GameID "216260"]

1. e4 e5 2. Nf3 Nc6 3. Bc4 h6 4. d4 exd4 5. Nxd4 Qh4 6. O-O Bc5 7. Nf5 Qf6 8. Be3 Bxe3 9. fxe3 Ne5 10. Bb3 d6
11. Nc3 Ne7 12. Nb5 O-O 13. Nxc7 Rb8 14. Nxd6 Qg6 15. Nxf7 Nxf7 16. Rxf7 Rxf7 17. Qd8+ Kh7 18. Bxf7 Qxf7 19. Rf1 Nc6 20. Rxf7 Nxd8
21. Rf8 Bd7 22. Nd5 Be6 23. Nf4 Bg8 24. e5 Nc6 25. Rxb8 Nxb8 26. b3= Nc6 27. Nd3 Bf7 28. Kf2 Bg6 29. Kf3 Bxd3 30. cxd3 Nxe5+
31. Ke4 Nd7 32. d4 Kg6 33. g4 Kf6 34. h4 g5=
1/2-1/2

[Event "Large KO, Standard Pace / <1800"]
[Site "SchemingMind.com"]
[Date "2009.08.18"]
[Round "-"]
[White "oliverinsignia"]
[Black "spoke"]
[Result "1-0"]
[WhiteCountry "GBR"]
[BlackCountry "GER"]
[WhiteElo "1871"]
[WhiteRD "102"]
[BlackElo "1824"]
[BlackRD "60"]
[GameID "216268"]

1. d4 Nf6 2. c4 g6 3. Nc3 Bg7 4. Nf3 O-O 5. Bf4 d6 6. e4 Bg4 7. Be2 Nbd7 8. h3 Bxf3 9. Bxf3 e5 10. dxe5 dxe5
11. Bg5 h6 12. Bh4 g5 13. Bg3 Nc5 14. O-O Nd3 15. Nd5 Nf4 16. Ne3 c6 17. Nf5 Qc7 18. Nxg7 Kxg7 19. Bxf4 exf4 20. Qc2 Rad8
21. Qc3 Rfe8 22. Rfd1 Rxd1+ 23. Rxd1 Qe5 24. Qb4 b6 25. Re1= c5 26. Qd2 Re7 27. b3 Rd7 28. Qe2 Rd4= 29. Rd1 Kg6 30. Kh2 a5
31. Qb2 Rxe4 32. Bxe4+ Qxe4 33. Rd6
1-0

[Event "Large KO, Standard Pace / <1800"]
[Site "SchemingMind.com"]
[Date "2009.08.26"]
[Round "-"]
[White "vinz"]
[Black "agarr"]
[Result "1-0"]
[WhiteCountry "FRA"]
[BlackCountry "RUS"]
[WhiteElo "1814"]
[WhiteRD "87"]
[BlackElo "1758"]
[BlackRD "78"]
[GameID "217006"]

1. Nf3 Nc6 2. c4 e5 3. Nc3 Bc5 4. e3 d6 5. a3 Bg4 6. Be2 Nf6 7. O-O O-O 8. b4 Bb6 9. Bb2 Bf5 10. Nd5 Kh8
11. Nxb6 axb6 12. Nh4 Be6 13. d4 exd4 14. exd4 Ne7 15. d5 Nf5 16. Nf3 Bd7 17. Bd3 Ba4 18. Bc2 Bxc2 19. Qxc2 Nh6 20. Rad1 Re8
21. Ng5 Nhg4 22. Nxf7+
1-0

[Event "Large KO, Standard Pace / <1800"]
[Site "SchemingMind.com"]
[Date "2009.08.26"]
[Round "-"]
[White "agarr"]
[Black "vinz"]
[Result "0-1"]
[WhiteCountry "RUS"]
[BlackCountry "FRA"]
[WhiteElo "1758"]
[WhiteRD "78"]
[BlackElo "1814"]
[BlackRD "87"]
[GameID "217010"]

1. e4 c5 2. Nf3 Nc6 3. Bc4 e6 4. Nc3 a6 5. a4 Nf6 6. O-O Be7 7. d3 O-O 8. Bf4 Qb6 9. Bb3 d6 10. Be3 Nd4
11. Bxd4 cxd4 12. Ne2 e5 13. h3 Qc6 14. Ng3 Be6 15. Bxe6 fxe6 16. b3 Nd7 17. Nh2 d5 18. Rc1 Rf6 19. Ng4 Rg6 20. Qe2 Rf8
21. Qe1 Bg5 22. Rd1 Qxc2 23. exd5 Qxb3 24. dxe6 Rxe6 25. Ne4 Rg6 26. Rb1 Qxd3 27. Rxb7 Nf6 28. Nxg5 Rxg5 29. Nxf6+ gxf6 30. g3 Kh8
31. Kh2 Rfg8 32. Qb1 Rxg3 33. Rxh7+ Kxh7 34. fxg3 Rxg3 35. Qxd3+ Rxd3 36. Rxf6 e4 37. Rxa6 e3 38. Kg1 e2
0-1

[Event "Large KO, Standard Pace / <1800"]
[Site "SchemingMind.com"]
[Date "2009.10.19"]
[Round "-"]
[White "Schaakmaatje"]
[Black "oliverinsignia"]
[Result "0-1"]
[WhiteCountry "NED"]
[BlackCountry "GBR"]
[WhiteElo "1680"]
[WhiteRD "47"]
[BlackElo "1855"]
[BlackRD "107"]
[GameID "223518"]

1. g4 d5 2. Bg2 Bxg4 3. c4 Be6 4. Qb3 Bc8 5. Bxd5 c6 6. Bg2 e5 7. d3 Qc7 8. Nf3 Nf6 9. h3 h6 10. Nc3 Bd6
11. e4 O-O 12. Be3 Be6 13. d4 b5 14. d5 bxc4 15. Qxc4 cxd5 16. Qxc7 Bxc7 17. Bc5 Rc8 18. exd5 Nxd5 19. O-O Nxc3 20. bxc3 Na6
21. Be3 Bd5 22. Rfd1 Bc6 23. c4 f6 24. c5 Rd8 25. Nh4 Bxg2 26. Kxg2 Kf7 27. Nf5 Nb4 28. a3 Nc2 29. Rac1 Nxa3 30. c6 Nb5
31. Rxd8 Rxd8 32. Bc5 Bb6 33. Ne3 Bxc5 34. Rxc5 Nc7 35. Nc4 Rd5 36. Rxd5 Nxd5 37. Nd6+ Ke6 38. Nc8 a5 39. Na7 Nc7 40. Kf3 a4
41. Nc8 a3
0-1

[Event "Large KO, Standard Pace / <1800"]
[Site "SchemingMind.com"]
[Date "2009.10.22"]
[Round "-"]
[White "oliverinsignia"]
[Black "Schaakmaatje"]
[Result "0-1"]
[WhiteCountry "GBR"]
[BlackCountry "NED"]
[WhiteElo "1855"]
[WhiteRD "107"]
[BlackElo "1680"]
[BlackRD "47"]
[GameID "223524"]

1. d4 d5 2. c4 c6 3. Nc3 e6 4. c5 f5 5. Bf4 Nf6 6. Nf3 Be7 7. h3 O-O 8. Bxb8 Rxb8 9. e3 Ne4 10. Qc2 b6
11. Ne5 Qe8 12. Nxe4 fxe4 13. Qa4 bxc5 14. Qxc6 cxd4 15. Qxe8 Rxe8 16. Nc6 Rxb2 17. exd4 a6 18. Be2 Bd6 19. a3 Bb7 20. Na5 Rb8
21. Bg4 Kf7 22. Nxb7 R8xb7 23. O-O Rc7 24. f4 Rcc2 25. Rfd1 Rxg2+ 26. Kf1 Bxf4 27. Rab1 Rbf2+ 28. Ke1 Bg3 29. Rb7+ Kf6 30. Rf7+ Kxf7
31. Be2 Rxe2+ 32. Kf1 Ref2+ 33. Ke1 Rg1#
0-1

[Event "Large KO, Standard Pace / <1800"]
[Site "SchemingMind.com"]
[Date "2009.10.31"]
[Round "-"]
[White "vinz"]
[Black "rougon"]
[Result "0-1"]
[WhiteCountry "FRA"]
[BlackCountry "USA"]
[WhiteElo "1776"]
[WhiteRD "85"]
[BlackElo "1785"]
[BlackRD "80"]
[GameID "224990"]

1. Nf3 Nf6 2. c4 e6 3. Nc3 d5 4. d4 dxc4 5. e4 c5 6. Bxc4 cxd4 7. Nxd4 a6 8. O-O Be7 9. f4 O-O 10. e5 Nd5
11. Qh5 Nb6 12. Rf3 Qxd4+ 13. Be3 Qxc4 14. Rh3 h6 15. f5 Bc5 16. Nd1 exf5 17. Rh4 Qd5 18. Kh1 Bxe3 19. Nxe3 Qxe5 20. Ng4 Qe6
21. Nf2 Qg6 22. Qf3 Be6 23. b3 Bd5 24. Qh3 Nc6 25. Nd3 Qg5 26. Nf4 Be4
0-1

[Event "Large KO, Standard Pace / <1800"]
[Site "SchemingMind.com"]
[Date "2009.10.31"]
[Round "-"]
[White "rougon"]
[Black "vinz"]
[Result "0-1"]
[WhiteCountry "USA"]
[BlackCountry "FRA"]
[WhiteElo "1785"]
[WhiteRD "80"]
[BlackElo "1776"]
[BlackRD "85"]
[GameID "224993"]

1. d4 Nf6 2. c4 g6 3. Nc3 Bg7 4. e4 d6 5. Be2 O-O 6. Nf3 c5 7. O-O cxd4 8. Nxd4 e5 9. Ndb5 Ne8 10. Be3 a6
11. Na3 Be6 12. Nd5 Nd7 13. Qd2 Bh8 14. Rac1 Nef6 15. f3 Nc5 16. Bg5 Bd7 17. Nc2 Ne6 18. Bxf6 Bxf6 19. Nxf6+ Qxf6 20. Qxd6 Rad8
21. Qb6 Rb8 22. Ne3 Qg5 23. Rfd1 Nd4 24. Rxd4 exd4 25. Qxd4 Rfd8 26. Qc3 Be6 27. Nd5 Rbc8 28. Nf6+ Kg7 29. Nh5+ Kf8 30. Qg7+ Ke7
31. f4 Qc5+
0-1

[Event "Large KO, Standard Pace / <1800"]
[Site "SchemingMind.com"]
[Date "2010.01.30"]
[Round "-"]
[White "Schaakmaatje"]
[Black "rougon"]
[Result "0-1"]
[WhiteCountry "NED"]
[BlackCountry "USA"]
[WhiteElo "1680"]
[WhiteRD "47"]
[BlackElo "1828"]
[BlackRD "75"]
[GameID "236941"]

1. e4 e6 2. Nf3 c5 3. d4 cxd4 4. Nxd4 Nc6 5. Be3 Qc7 6. Nb5 Qb8 7. c4 a6 8. N5c3 Bb4 9. a3 Bd6 10. c5 Bxh2
11. g3 Bxg3 12. fxg3 Qxg3+ 13. Bf2 Qf4 14. Rh4 Qe5 15. Qd3 Nf6 16. Nd2 h5 17. O-O-O Ng4 18. Bg3 Qg5 19. Kb1 Ne3
0-1

[Event "Large KO, Standard Pace / <1800"]
[Site "SchemingMind.com"]
[Date "2010.01.29"]
[Round "-"]
[White "rougon"]
[Black "Schaakmaatje"]
[Result "1-0"]
[WhiteCountry "USA"]
[BlackCountry "NED"]
[WhiteElo "1877"]
[WhiteRD "74"]
[BlackElo "1676"]
[BlackRD "50"]
[GameID "236946"]

1. c4 Nf6 2. Nc3 e5 3. g3 c6 4. Nf3 d6 5. Bg2 Be6 6. d3 h6 7. O-O Be7 8. e3 Nbd7 9. b3 O-O 10. Nd2 d5
11. cxd5 cxd5 12. Bb2 Rc8 13. Nf3 a6 14. Ne2 Bd6 15. Rc1 Qe7 16. Rc2 b5 17. Qd2 e4 18. dxe4 Nxe4 19. Qd4 Ndf6 20. Rfc1 Rxc2
21. Rxc2 Rc8 22. Rxc8+ Bxc8 23. Nc3 Bc5 24. Qd3 Bb7 25. Nd4 b4 26. Nf5 Qe8 27. Nxd5 Bxd5 28. Bxf6 Qe6 29. Nd4 Qf5 30. f3 Qxf6
31. fxe4 Bb7 32. e5 Qe7 33. Bxb7 Qxb7 34. e6 fxe6 35. Nxe6 Bb6 36. Nf4 Qc6 37. Qd5+ Qxd5 38. Nxd5 Bc5 39. Kg2 Kf7 40. Kf3 a5
41. Ke4 Ke6 42. Nc7+ Kd7 43. Nb5 Ke6 44. Nd4+ Kf7 45. g4 g5 46. Kd5 Ba7 47. e4 Bb8 48. h3 Bf4 49. Nc6 Bc7 50. e5 Ke8
51. e6 Bb6 52. Nd4 Ke7 53. Nf5+ Ke8 54. Nxh6
1-0